00325nam a2200133Ia 4500008004100000020001500041041001200056082001600068100001800084245004000102260002500142300000800167650001600175221030s9999 xx 000 0 und d a0074621297 aEnglish a105.23bGod aA. S. Godbole 0aOperating Systemscby A. S. Godbole bTMHaNew Delhic2000 a352 aBE Computer